Dinosaur Naming Quiz!!! - Statistics

General Stats
  • This quiz has been taken 72 times
  • The average score is 8 of 12
Answer Stats
Hints Answer % Correct
Spined Lizard Spinosaurus
92%
Tyrant Lizard King Tyrannosaurus Rex
90%
Three Horned Lizard Triceratops
87%
Speedy Theif Velociraptor
87%
Theif of Utah Utahraptor
83%
Armored Lizard Ankylosaurus
81%
Lizard Of Alberta Albertasaurus
71%
Lizard Of Argentina Argentinasaurus
63%
Roofed Lizard Stegosaurus
54%
Terrible Crocodile Deinosuchus
49%
Double Beam Diplodocus
24%
Great Theif Megaraptor
21%
No matching quizzes found
Score Distribution
Percent of People with Each Score
Percentile by Number Answered
Your Score History
You have not taken this quiz